Obras completas del Excmo.Sr. Don Manuel José Quintana
Sábháilte in:
| Formáid: | LEABHAR |
|---|---|
| Teanga: | Undetermined |
| Foilsithe / Cruthaithe: |
Madrid, España
Rivadeneyra
1867
|
| Sraith: | Biblioteca de autores españoles, desde la formación del lenguaje hasta nuestros días
|
| Ábhair: | |
| Rochtain ar líne: | Acceso al texto completo |
| Clibeanna: |
Cuir clib leis
Níl clibeanna ann, Bí ar an gcéad duine le clib a chur leis an taifead seo!
|
MARC
| LEADER | 00000nam a2200000Ia 4500 | ||
|---|---|---|---|
| 008 | 170316s9999 xx 000 0 und d | ||
| 040 | |a cru BVZT | ||
| 090 | |a R-413 O-5o BAE | ||
| 245 | |a Obras completas del Excmo.Sr. Don Manuel José Quintana |c Manuel Rivadeneya, editor | ||
| 260 | |a Madrid, España | ||
| 260 | |b Rivadeneyra | ||
| 260 | |c 1867 | ||
| 300 | |a VII, 588 páginas | ||
| 490 | |a Biblioteca de autores españoles, desde la formación del lenguaje hasta nuestros días | ||
| 650 | |a REFERENCIA | ||
| 650 | |a LITERATURA CLÁSICA | ||
| 650 | |a ESPAÑA | ||
| 856 | |6 https://babel.hathitrust.org/cgi/pt?id=ucm.532507524x;view=1up;seq=599 |u https://babel.hathitrust.org/cgi/pt?id=ucm.532507524x;view=1up;seq=599 |y Acceso al texto completo | ||
| 942 | |c REF | ||
| 999 | |c 14825 |d 14825 | ||
